000 00386pab a2200157 454500
008 180718b1988 xxu||||| |||| 00| 0 eng d
100 _aKhanna, S.S.
245 _aAction plan for foodgrains production - high lights of frame work
260 _c1988
300 _a23-5,28
362 _a1 Sept.
650 _aFarm Produce
700 _aM.V. Pavate
773 _aYojana
909 _a8097
999 _c8097
_d8097